| 000 | 00710nam a2200181 a 4500 | ||
|---|---|---|---|
| 008 | 160516s2011 ||||||||||||||||| || u | ||
| 020 | _a9781847873538 | ||
| 050 | _aHV 7936.T4 Col | ||
| 100 | _aColeman, Roy | ||
| 245 | 1 | 0 |
_aSurveillance and Crime _cBy Roy Coleman & Michael McCahill |
| 260 |
_aSingpore _bSAGE Punblications Asia-Pacific Pte LTD _c2011 |
||
| 350 | _a57.00 | ||
| 650 | _aELECTRONIC SURVEILLANCE--SOCIAL ASPECTS | ||
| 650 | _aCRIME | ||
| 650 | _aELECTRONIC SURVEILLANCE | ||
| 650 | _aPOLICE PATROL--SURVEILLANCE OPERATIONS | ||
| 995 |
_FCBU-MAIN LIBRARY (Kitwe) _I57.00 _M1 _UAVAILABLE _WMay 17, 2016 _ZMain Library Open Access Collection |
||
| 999 |
_c59145 _d59145 |
||